Facilities for technical education in India. (Record no. 56830)

MARC details
000 -LEADER
fixed length control field 00761cam a22002411 4500
001 - CONTROL NUMBER
control field sa 64001612
003 - CONTROL NUMBER IDENTIFIER
control field DLC
005 - DATE AND TIME OF LATEST TRANSACTION
control field 20260227112003.0
008 - FIXED-LENGTH DATA ELEMENTS--GENERAL INFORMATION
fixed length control field 750605s1962 xx 000 0 eng
010 ## - LIBRARY OF CONGRESS CONTROL NUMBER
LC control number sa 64001612
035 ## - SYSTEM CONTROL NUMBER
System control number (OCoLC)1374471
040 ## - CATALOGING SOURCE
Original cataloging agency DLC
Transcribing agency NSyU
Modifying agency DLC
042 ## - AUTHENTICATION CODE
Authentication code premarc
050 00 - LIBRARY OF CONGRESS CALL NUMBER
Classification number T153
Item number .A45 1962
110 1# - MAIN ENTRY--CORPORATE NAME
Corporate name or jurisdiction name as entry element India.
Subordinate unit Ministry of Scientific Research and Cultural Affairs
245 10 - TITLE STATEMENT
Title Facilities for technical education in India.
250 ## - EDITION STATEMENT
Edition statement [2d rev. ed.
260 ## - PUBLICATION, DISTRIBUTION, ETC.
Place of publication, distribution, etc. New Delhi]
Date of publication, distribution, etc. 1962.
300 ## - PHYSICAL DESCRIPTION
Extent xvi, 504 p.
Dimensions 22 cm.
490 1# - SERIES STATEMENT
Series statement Its Publication,
Volume/sequential designation no. 93
650 #0 - SUBJECT ADDED ENTRY--TOPICAL TERM
Topical term or geographic name entry element Technical education
Geographic subdivision India
Form subdivision Directories.
810 1# - SERIES ADDED ENTRY--CORPORATE NAME
Corporate name or jurisdiction name as entry element India.
Subordinate unit Ministry of Scientific Research and Cultural Affairs.
Title of a work Publication,
Volume/sequential designation no. 93.

No items available.

Powered by Koha